| 000 | 00718nam a2200193 i 4500 | ||
|---|---|---|---|
| 001 | 22952 | ||
| 003 | ES-MaACL | ||
| 005 | 20230906152802.0 | ||
| 007 | t| | ||
| 008 | 021205s1971 sp ||||1| spa d | ||
| 100 | 1 |
_aAlvarez de Sotomayor, Manuel. _920777 |
|
| 245 | 1 | 1 |
_a¿Colón mallorquín? _b: juicio crítico de la tesis del Colón balear / _cManuel Alvarez de Sotomayor. |
| 260 |
_aPalma de Mallorca : _b[s.n.], _c1971. |
||
| 300 |
_aP. 193-283 ; _c22 cm. |
||
| 500 | _aEs separata de: Historia de Mallorca, coordinada por J. Mascaró Pasarius. T. IV, fase 7. | ||
| 600 | 1 | 4 |
_aColón, Cristóbal- _xLugar de nacimiento. _9164774 |
| 700 | 1 |
_aMascaró Pasarius, J. _978687 |
|
| 852 |
_aES-MaACL _jC-42676 _bR.79796 |
||
| 999 |
_c22952 _d22952 |
||